1506 1242 1418 1016 1776 1423 1848 1778 1906 1036 1184 1861 1320 1548 1631 1051 1571 1694 1148 1208 1858 1898 1250 1693 1324 1481 1846 1763 1955 1367 1125 1723 1711 1686 1127 1785 1526 1690 1357 1933 1110 1189 1756 1121 1263 1295 1906 1085 1434 1477 1666 1546 1944 1969 1617 1983 1316 1684 1124 1782 1293 1777 1094 1816 1633 1090 1555 1491 1872 1801 1361 1216 1955 1749 1704 1467 1607 1196 1105 1230 1305 1036 1957 1359 1988 1316 1943 1024 1431 1977 1303 1132 1687 1611 1341 1530 1162 1506 1094 BCNSPRNW ULIB Ver.6.0+V

เปลี่ยนเป็นภาษาไทย

Change to English
 แสดงรายละเอียดบรรณานุกรม
  กลับหน้าหลัก

Brief Record : Get Marc (ISO 2709) : E-mail record : QR code < ปิดหน้าต่าง
LEADER : 00000nam 2200000 a 4500
001    13399114488
003     ULIB
008    090903s2009 us a b 001 0 eng d
020    ^a9781416047407
060 04 ^aQV748^bK26c
100 1  ^aKee, Joyce LeFever
245 10 ^aClinical calculations :^bwith applications to general and
250    ^a6th ed.
260    ^aSt. Louis :^bSaunders Elsevier,^cc2009
300    ^axxvii, 414 p. :^bill. (some col.) ;^c26 cm. +^e1 computer
500    ^aSend to Single Search
504    ^aIncludes bibliographical references and index
650  2 ^aPharmaceutical Preparations^xadministration & dosage
650  2 ^aMathematics^vNurses is Instruction
700 1  ^aMarshall, Sally M.
945    ^p0^l0^i031610
995    ^a Kesorn
999 ^a ใช้งานได้ทุกระบบ
รายการนี้ยังไม่มีแท็ก
คุณยังไม่ได้ล็อกอิน คุณสามารถมีกิจกรรมร่วมกับเว็บไซต์ได้ แต่ต้องล็อกอินก่อน ::
  ล็อกอิน

รายการสื่อสารสนเทศ

ลำดับที่ ประเภท เลขเรียก/บาร์โค้ด สถานที่ สถานะ
- ไม่พบข้อมูล -

รายการใกล้เคียง
    หัวเรื่อง [Pharmaceutical Preparations administration & dosage]

BibComment


ยังไม่เคยถูกคอมเมนท์

คอมเมนท์ทรัพยากรรายการนี้
  คอมเมนท์: Clinical calcula..


 Copyright 2026. Bcnsprnw @Library